Thomas Jefferson/ (Registro nro. 9216)

Detalles MARC
000 -LEADER
fixed length control field 00826nam a2200205Ia 4500
005 - FECHA Y HORA DE LA ÚLTIMA TRANSACCIÓN
control field 20230909114907.0
008 - FIXED-LENGTH DATA ELEMENTS--GENERAL INFORMATION
fixed length control field 230906s9999 xx 000 0 und d
020 ## - INTERNATIONAL STANDARD BOOK NUMBER
International Standard Book Number 968-18-3235-3
040 ## - CATALOGING SOURCE
Original cataloging agency UPAN
Transcribing agency Biblioteca San Vicente
Description conventions RCAA2
041 ## - LANGUAGE CODE
Language code of text/sound track or separate title spa
082 ## - DEWEY DECIMAL CLASSIFICATION NUMBER
Classification number 800
Item number B456t
año de publicación 1966
100 ## - MAIN ENTRY--PERSONAL NAME
Personal name Beloff, Max
Relator code aut.
245 #0 - TITLE STATEMENT
Title Thomas Jefferson/
Statement of responsibility, etc Max Beloff
250 ## - EDITION STATEMENT
Edition statement 1° ed.
260 ## - PUBLICATION, DISTRIBUTION, ETC. (IMPRINT)
Place of publication, distribution, etc México:
Name of publisher, distributor, etc Limusa,
Date of publication, distribution, etc 1989
300 ## - PHYSICAL DESCRIPTION
Extent 245 p.;
Dimensions 19 cm.
505 ## - FORMATTED CONTENTS NOTE
Formatted contents note 1. Introducción<br/>2. El aprendizaje<br/>3. Independencia de los Estados Unidos<br/>4. El estadista de Virginia <br/>5. Embajador<br/>6. Secretario de Estado<br/>7. En la posición<br/>8. Presidente: La compra de Luisiana<br/>9. Presidente: Embargo <br/>10. Estadista anciano<br/>11. El legado Jeffersoniano
650 ## - SUBJECT ADDED ENTRY--TOPICAL TERM
Source of heading or term LEMB
General subdivision Literatura.Ensayos
Geographic subdivision Estados Unidos
942 ## - ADDED ENTRY ELEMENTS (KOHA)
Koha item type Libros
Source of classification or shelving scheme Dewey Decimal Classification
Existencias
Withdrawn status Lost status Source of classification or shelving scheme Damaged status Not for loan Collection code Home library Current library Date acquired Total Checkouts Full call number Barcode Date last seen Copy number Price effective from Koha item type
    Dewey Decimal Classification     Colección General Biblioteca UPAN San Vicente Biblioteca UPAN San Vicente 06/09/2023   800 B456t 12001870 06/09/2023 01 06/09/2023 Libros
    Dewey Decimal Classification     Colección General Biblioteca UPAN San Vicente Biblioteca UPAN San Vicente 09/09/2023   800 B456t 12001871 09/09/2023 02 09/09/2023 Libros
    Dewey Decimal Classification     Colección General Biblioteca UPAN San Vicente Biblioteca UPAN San Vicente 09/09/2023   800 B456t 12001872 09/09/2023 03 09/09/2023 Libros
    Dewey Decimal Classification     Colección General Biblioteca UPAN San Vicente Biblioteca UPAN San Vicente 09/09/2023   800 B456t 12001873 09/09/2023 04 09/09/2023 Libros
    Dewey Decimal Classification     Colección General Biblioteca UPAN San Vicente Biblioteca UPAN San Vicente 09/09/2023   800 B456t 12001874 09/09/2023 05 09/09/2023 Libros
    Dewey Decimal Classification     Colección General Biblioteca UPAN San Vicente Biblioteca UPAN San Vicente 09/09/2023   800 B456t 12001875 09/09/2023 06 09/09/2023 Libros
    Dewey Decimal Classification     Colección General Biblioteca UPAN San Vicente Biblioteca UPAN San Vicente 09/09/2023   800 B456t 12001876 09/09/2023 07 09/09/2023 Libros
    Dewey Decimal Classification     Colección General Biblioteca UPAN San Vicente Biblioteca UPAN San Vicente 09/09/2023   800 B456t 12001867 09/09/2023 08 09/09/2023 Libros
    Dewey Decimal Classification     Colección General Biblioteca UPAN San Vicente Biblioteca UPAN San Vicente 09/09/2023   800 B456t 12001868 09/09/2023 09 09/09/2023 Libros
    Dewey Decimal Classification     Colección General Biblioteca UPAN San Vicente Biblioteca UPAN San Vicente 09/09/2023   800 B456t 12001869 09/09/2023 10 09/09/2023 Libros